000 00479nam a2200193 a 4500
001 1757847044165
003 ACL
005 20250914162700.0
008 250914s2007##################000#0#eng##
020 _a9780520249639
082 0 4 _a791.43071073
_bPOL
100 1 _aPolan, Dana,
_eauthor.
245 1 0 _aScenes of Instruction :
260 _bUniv of California Press,
_c2007.
300 _a419 pages
650 0 _aEducation.
942 _cENGLISH
040 _aACL
_beng
_cACL
999 _c586775
_d586775